The prince and the pauper
| Main Author: | |
|---|---|
| Other Authors: | |
| Format: | Book |
| Published: |
s.l. :
Troll Associates ,
1990
|
| Series: | Troll Illustrated Classics
|
| Subjects: |
MARC
| LEADER | 00000cam a2200000 7i4500 | ||
|---|---|---|---|
| 001 | 0000003606 | ||
| 002 | 000003880 | ||
| 005 | 20000330.0 | ||
| 020 | |a 0816718741 | ||
| 090 | 0 | 0 | |a JF |b TWA |
| 100 | 1 | |a Twain, Mark | |
| 245 | 1 | 4 | |a The prince and the pauper |c Mark Twain ; illustrated by S.D. Schindler |
| 260 | |a s.l. : |b Troll Associates , |c 1990 | ||
| 300 | |a 48p. : |b ill. ; |c 28cm. | ||
| 490 | 0 | |a Troll Illustrated Classics | |
| 650 | 0 | 0 | |a Children's stories |
| 700 | 1 | |a Schindler, S.D. , |e Illustrated by | |
| 999 | |a 031597 |b BUKU |c PINJAMAN |e PERPUSTAKAAN KOMUNITI PETALING JAYA | ||